Validation of scientific software results (notice n° 1904043)
[ vue normale ]
| 000 -LEADER | |
|---|---|
| fixed length control field | 00475cam a2200157 4500500 |
| 005 - DATE AND TIME OF LATEST TRANSACTION | |
| control field | 20260329020119.0 |
| 041 ## - LANGUAGE CODE | |
| Language code of text/sound track or separate title | fre |
| 042 ## - AUTHENTICATION CODE | |
| Authentication code | dc |
| 100 10 - MAIN ENTRY--PERSONAL NAME | |
| Personal name | Vignes, Jean |
| Relator term | author |
| 245 00 - TITLE STATEMENT | |
| Title | Validation of scientific software results |
| 260 ## - PUBLICATION, DISTRIBUTION, ETC. | |
| Date of publication, distribution, etc. | 2026.<br/> |
| 500 ## - GENERAL NOTE | |
| General note | 68 |
| 700 10 - ADDED ENTRY--PERSONAL NAME | |
| Personal name | Alt, René |
| Relator term | author |
| 786 0# - DATA SOURCE ENTRY | |
| Note | Mathematics | - | 2026-03-04 | p. 5-5 |
| 856 41 - ELECTRONIC LOCATION AND ACCESS | |
| Uniform Resource Identifier | <a href="https://stm.cairn.info/numerical-methods--bdti42105210-af1471-page-5?lang=en&redirect-ssocas=7080">https://stm.cairn.info/numerical-methods--bdti42105210-af1471-page-5?lang=en&redirect-ssocas=7080</a> |
Pas d'exemplaire disponible.




Réseaux sociaux